000 01689cam a22004454i 4500
003 PE-LiUPU
005 20250731173503.0
008 150616s r 000 0 d
035 _a(Sirsi) a6986
040 _aPE-LiUPU
_bspa
_cPE-LiUPU
_erda
049 _aPRUA
082 0 4 _a232.09015
_bM82
_221
100 1 _aMoule, C. F. D.,
_d1908-2007,
_eautor.
245 1 4 _aThe Origin of Christology /
_cC. F. D. Moule.
264 1 _aCambridge :
_bCambridge University Press,
_c1990.
300 _a187 páginas ;
_c21 cm.
336 _atext
_2rdacontent
337 _aunmediated
_2rdamedia
338 _avolume
_2rdacarrier
505 0 _aFour well-known desccriptions of Jesus -- The corporate Christ -- Conceptions of Christ in writers other than Paul -- The scope of the death of Christ -- The filfilment theme in the New Testament -- Retrospect -- Prospect: the 'ultimacy' of Christ.
526 _aSEG42
526 _aSEG41
526 _aSEG40
526 _aSEG39
526 _aP94
526 _aP87
526 _aP86
526 _aP85
526 _aP77
526 _aP76
526 _aP35
600 1 _aJesucristo
_xHistoria de las doctrinas
_yIglesia primitiva, ca. 30-600
910 _ajck
_bjvq
_cjck
942 _2ddc
_cBOOK
949 _a232.09015 M82
_wDEWEY
_c1
_i40372
_lCCODEBUL1
_mBUL
_p00.00
_r0
_sY
_tBOOK
_u19960110
_xTEOLOGIA
_zUNKNOWN
_0COMPRA
_o.STAFF. Colección General
994 _aC0
_bPEPRU
596 _a1
999 _a232.09015 M82
_wDEWEY
_c58178
_i40372
_f2021-11-11
_g5
_lCCODEBUL1
_mBUL
_r0
_sY
_tBOOK
_u2015-6-16
_xTEOLOGIA
_zUNKNOWN
_0COMPRA
_o.STAFF. Colección General
_d58178
980 _81
_gALBERTO SANCHEZ Responsable de Automatización